[Event "Condom op-A 10th"]
[Site "Condom"]
[Date "2011.07.13"]
[Round "6"]
[White "Ollier, Pablo"]
[Black "Lemeille, Francois"]
[Result "1-0"]
[WhiteElo "2277"]
[BlackElo "2059"]
[PlyCount "69"]
[EventDate "2011.07.09"]
[EventType "swiss"]
[EventRounds "9"]
[EventCountry "FRA"]
[SourceTitle "CBM 143 Extra"]
[Source "ChessBase"]
[SourceDate "2011.08.29"]
[SourceVersion "1"]
[SourceVersionDate "2011.08.29"]
[SourceQuality "1"]

1. Nf3 Nf6 2. c4 e6 3. Nc3 b6 4. e4 d6 5. d4 Bb7 6. Bd3 Nbd7 7. h3 Be7 8. Be3 e5 9. d5 a5 10. Bc2 0-0 11. g4 g6 12. Rg1 Ne8 13. Qe2 Ng7 14. 0-0-0 Nc5 15. h4 c6 16. dxc6 Bxc6 17. Nxe5 Qc8 18. Nxc6 Qxc6 19. Nd5 Rfe8 20. Bg5 Bf8 21. Nf6+ Kh8 22. Nxe8 Rxe8 23. f3 a4 24. Bf6 a3 25. h5 d5 26. Bc3 axb2+ 27. Bxb2 Kg8 28. h6 Nge6 29. exd5 Nf4 30. Qd2 Qd6 31. Rge1 Rxe1 32. Rxe1 f6 33. g5 Be7 34. Qe3 Kf7 35. gxf6 1-0

[Event "FRA-ch U16"]
[Site "Montlucon"]
[Date "2011.04.24"]
[Round "9"]
[White "Ringuet, Noe"]
[Black "Lemeille, Francois"]
[Result "1-0"]
[WhiteElo "2016"]
[BlackElo "2074"]
[PlyCount "108"]
[EventDate "2011.04.17"]
[EventType "swiss"]
[EventRounds "9"]
[EventCountry "FRA"]
[SourceTitle "CBM 142 Extra"]
[Source "ChessBase"]
[SourceDate "2011.06.27"]
[SourceVersion "1"]
[SourceVersionDate "2011.06.27"]
[SourceQuality "1"]

1. e4 c5 2. Nf3 d6 3. d4 cxd4 4. Nxd4 Nf6 5. Nc3 a6 6. Bc4 e6 7. Bb3 Nbd7 8. Bg5 Nc5 9. f4 h6 10. Bh4 g5 11. fxg5 Nfxe4 12. Nxe4 Nxe4 13. Qh5 Qa5+ 14. c3 Qe5 15. 0-0 hxg5 16. Qxf7+ Kd8 17. Bg3 Nxg3 18. hxg3 Qe3+ 19. Rf2 Be7 20. Nxe6+ Bxe6 21. Qxe6 Qxe6 22. Bxe6 d5 23. Rd1 Kc7 24. Rxd5 Kc6 25. Rff5 Rhf8 26. g4 Rad8 27. c4 Rf6 28. Rxd8 Bxd8 29. Bd5+ Kc5 30. Rxg5 b5 31. Bg8+ Kb4 32. c5 Be7 33. a3+ Ka4 34. Re5 Bf8 35. Bh7 Kb3 36. g5 Rc6 37. Re2 Bxc5+ 38. Kh2 Rc7 39. Bg8+ Ka4 40. g6 Rg7 41. Bf7 b4 42. axb4 Bxb4 43. Kh3 a5 44. Kg4 Bc5 45. Kf5 Kb5 46. Rd2 Be3 47. Rd3 Bc1 48. b3 Bb2 49. Rd8 Kc6 50. Ra8 Kb6 51. Rg8 Kc7 52. Ke6 Ba1 53. Ke7 Bd4 54. Rxg7 Bxg7 1-0

[Event "FRA-ch U16"]
[Site "Montlucon"]
[Date "2011.04.22"]
[Round "7"]
[White "Paci, Nicolas"]
[Black "Lemeille, Francois"]
[Result "0-1"]
[WhiteElo "1939"]
[BlackElo "2074"]
[PlyCount "78"]
[EventDate "2011.04.17"]
[EventType "swiss"]
[EventRounds "9"]
[EventCountry "FRA"]
[SourceTitle "CBM 142 Extra"]
[Source "ChessBase"]
[SourceDate "2011.06.27"]
[SourceVersion "1"]
[SourceVersionDate "2011.06.27"]
[SourceQuality "1"]

1. e4 c5 2. Nf3 d6 3. d3 Nf6 4. g3 Nc6 5. Bg2 e6 6. 0-0 Be7 7. c3 0-0 8. Re1 d5 9. exd5 exd5 10. d4 Bg4 11. Qb3 Qc8 12. Ne5 Be6 13. Nxc6 bxc6 14. Bg5 cxd4 15. cxd4 h6 16. Be3 Rb8 17. Qc2 Bf5 18. Qc1 Qb7 19. b3 Bb4 20. Nc3 Rbe8 21. Qb2 Re6 22. Bf4 Rfe8 23. Rxe6 Rxe6 24. a3 Bf8 25. Na4 Qe7 26. Qc1 Ne4 27. Bxe4 Rxe4 28. Be3 Qf6 29. f3 Re8 30. Qd2 Bh3 31. Qf2 c5 32. Rc1 cxd4 33. Bxd4 Qa6 34. Ra1 Qb5 35. Qc2 Rc8 36. Qd1 Bf5 37. Nc3 Qb7 38. b4 Rc4 39. Na4 Bc2 0-1

[Event "FRA-ch U16"]
[Site "Montlucon"]
[Date "2011.04.18"]
[Round "3"]
[White "Leveque, Guillaume"]
[Black "Lemeille, Francois"]
[Result "1-0"]
[WhiteElo "1901"]
[BlackElo "2074"]
[PlyCount "111"]
[EventDate "2011.04.17"]
[EventType "swiss"]
[EventRounds "9"]
[EventCountry "FRA"]
[SourceTitle "CBM 142 Extra"]
[Source "ChessBase"]
[SourceDate "2011.06.27"]
[SourceVersion "1"]
[SourceVersionDate "2011.06.27"]
[SourceQuality "1"]

1. e4 c5 2. Nf3 d6 3. d4 cxd4 4. Nxd4 Nf6 5. Nc3 a6 6. Be3 e6 7. f3 b5 8. Qd2 Bb7 9. 0-0-0 Nbd7 10. Kb1 Nb6 11. Qf2 Nfd7 12. Bd3 Rc8 13. Rhe1 Be7 14. f4 Nc5 15. Nb3 Qc7 16. f5 0-0 17. Qg3 Kh8 18. Nxc5 dxc5 19. Bf4 Qc6 20. e5 Qxg2 21. Qxg2 Bxg2 22. Ne4 Nd5 23. Bg3 c4 24. Bf1 Bxf1 25. fxe6 Bh3 26. Rxd5 Bxe6 27. Rdd1 Bg4 28. Rd4 Rcd8 29. Nd6 Bh5 30. a4 bxa4 31. Rxc4 f6 32. Rc7 Bxd6 33. exd6 Rfe8 34. Rxe8+ Bxe8 35. c4 Kg8 36. c5 Rd7 37. Rc8 Kf7 38. c6 Ra7 39. Bf2 Bd7 40. cxd7 Rxd7 41. Bc5 g5 42. Ra8 f5 43. Kc2 Ke6 44. Rxa6 h5 45. Rxa4 g4 46. Kd2 h4 47. Ke2 Rb7 48. b4 f4 49. Ra8 Rh7 50. Re8+ Kd7 51. Re7+ Rxe7+ 52. dxe7 h3 53. Kf2 g3+ 54. hxg3 h2 55. Kg2 fxg3 56. b5 1-0

[Event "FRA-chTB U20 1011"]
[Site "France"]
[Date "2010.11.20"]
[Round "1.1"]
[White "Viennot, Dylan"]
[Black "Lemeille, Francois"]
[Result "1-0"]
[WhiteElo "2032"]
[BlackElo "2049"]
[PlyCount "87"]
[EventDate "2010.11.20"]
[EventType "team-tourn"]
[EventRounds "7"]
[EventCountry "FRA"]
[SourceTitle "EXT 2012"]
[Source "ChessBase"]
[SourceDate "2011.11.24"]
[SourceVersion "1"]
[SourceVersionDate "2011.11.24"]
[SourceQuality "1"]
[WhiteTeam "Mulhouse"]
[BlackTeam "Bois Colombes"]
[WhiteTeamCountry "FRA"]
[BlackTeamCountry "FRA"]

1. e4 c5 2. Nf3 d6 3. Bb5+ Nd7 4. 0-0 g6 5. c3 Bg7 6. d4 a6 7. Bc4 Nb6 8. Bxf7+ Kxf7 9. dxc5 Ke8 10. cxb6 Qxb6 11. h3 Nh6 12. Na3 Rf8 13. Nd4 Nf7 14. Nac2 Bd7 15. a4 Ne5 16. Ne3 e6 17. a5 Qc7 18. Qb3 Ke7 19. Rd1 Rab8 20. f4 Nc6 21. Nxc6+ bxc6 22. Qa3 e5 23. Nc4 exf4 24. Rxd6 c5 25. Rb6 Bb5 26. Rxb8 Rxb8 27. Nb6 Qd6 28. Bxf4 Be5 29. Nd5+ Ke8 30. Bxe5 Qxe5 31. Qxc5 Kf7 32. Qc7+ Qxc7 33. Nxc7 Bd3 34. b4 Rc8 35. Rd1 Bxe4 36. Rd7+ Kf6 37. Nxa6 Rxc3 38. Nc5 Rc1+ 39. Kh2 Ba8 40. Rd8 Rc4 41. Rxa8 Rxb4 42. a6 Rb5 43. a7 Ra5 44. Rf8+ 1-0

[Event "FRA-chT2 1011"]
[Site "France"]
[Date "2010.11.14"]
[Round "2.5"]
[White "Benbara, Brahim"]
[Black "Lemeille, Francois"]
[Result "1-0"]
[WhiteElo "2071"]
[BlackElo "2049"]
[PlyCount "109"]
[EventDate "2010.10.17"]
[EventType "team-tourn"]
[EventRounds "11"]
[EventCountry "FRA"]
[SourceTitle "EXT 2012"]
[Source "ChessBase"]
[SourceDate "2011.11.24"]
[SourceVersion "1"]
[SourceVersionDate "2011.11.24"]
[SourceQuality "1"]

1. f4 Nf6 2. Nf3 g6 3. g3 Bg7 4. Bg2 0-0 5. 0-0 d6 6. d3 c6 7. Qe1 Nbd7 8. e4 e5 9. c3 Re8 10. Kh1 Nh5 11. f5 gxf5 12. Nh4 f4 13. Qe2 Qg5 14. Nf5 Ndf6 15. gxf4 Nxf4 16. Bxf4 exf4 17. Nxd6 Bg4 18. Bf3 Re6 19. Nc4 b5 20. Ncd2 h5 21. Rg1 Qh4 22. Na3 Kh8 23. Nc2 Rd8 24. Raf1 Bh6 25. Nd4 Ree8 26. Nxc6 Rc8 27. Nd4 Rg8 28. Qf2 Qh3 29. e5 Bxf3+ 30. Qxf3 Qxf3+ 31. N2xf3 Ng4 32. Nf5 Kh7 33. Ne7 Ne3 34. Nxg8 Nxf1 35. Nxh6 Ne3 36. Nxf7 b4 37. c4 Rc7 38. e6 a5 39. N3e5 a4 40. Nd7 Ng4 41. h3 f3 42. hxg4 f2 43. Rf1 hxg4 44. Nf6+ Kg6 45. Nxg4 Kf5 46. Nfe5 b3 47. axb3 axb3 48. Rxf2+ Kg5 49. Rf7 Rc8 50. e7 Kh4 51. Kg2 Rg8 52. Rf8 Kh5 53. e8Q+ Kh4 54. Qe7+ Kh5 55. Qh7+ 1-0

[Event "Paris-ch op-A"]
[Site "Paris"]
[Date "2010.07.10"]
[Round "8"]
[White "Anes, Emmanuel"]
[Black "Lemeille, Francois"]
[Result "1/2-1/2"]
[WhiteElo "2139"]
[BlackElo "1975"]
[PlyCount "58"]
[EventDate "2010.07.03"]
[EventType "swiss"]
[EventRounds "9"]
[EventCountry "FRA"]
[SourceTitle "CBM 137 Extra"]
[Source "ChessBase"]
[SourceDate "2010.09.01"]
[SourceVersion "1"]
[SourceVersionDate "2010.09.01"]
[SourceQuality "1"]

1. d4 e6 2. e4 d5 3. Nc3 dxe4 4. Nxe4 Nd7 5. Nf3 Ngf6 6. Bd3 Be7 7. 0-0 b6 8. Qe2 Bb7 9. Ng3 0-0 10. Bg5 Re8 11. Rad1 Nf8 12. c4 Qc8 13. Ne5 c5 14. dxc5 Qxc5 15. Bd2 Ng6 16. Nxg6 hxg6 17. Bc3 Rad8 18. Ne4 Nxe4 19. Bxe4 Ba6 20. b3 Bf6 21. Bxf6 gxf6 22. Qf3 Kg7 23. Rxd8 Rxd8 24. Rd1 Rxd1+ 25. Qxd1 Qe5 26. Bc6 Qb2 27. a4 e5 28. h3 Bc8 29. Be4 Be6 1/2-1/2

[Event "Paris-ch op-A"]
[Site "Paris"]
[Date "2010.07.04"]
[Round "2"]
[White "Lemeille, Francois"]
[Black "Belloulou, Jean Pierre"]
[Result "1-0"]
[WhiteElo "1975"]
[BlackElo "1875"]
[PlyCount "85"]
[EventDate "2010.07.03"]
[EventType "swiss"]
[EventRounds "9"]
[EventCountry "FRA"]
[SourceTitle "CBM 137 Extra"]
[Source "ChessBase"]
[SourceDate "2010.09.01"]
[SourceVersion "1"]
[SourceVersionDate "2010.09.01"]
[SourceQuality "1"]

1. e4 e5 2. Nf3 Nc6 3. Bb5 a6 4. Ba4 Nf6 5. 0-0 Be7 6. Re1 b5 7. Bb3 0-0 8. a4 Bb7 9. c3 d6 10. d4 h6 11. Nbd2 Re8 12. Nf1 Bf8 13. Ng3 Ne7 14. dxe5 Ng4 15. axb5 axb5 16. Rxa8 Bxa8 17. exd6 cxd6 18. Nd4 Qd7 19. Ndf5 Ne5 20. Nxd6 Rd8 21. Nxb5 Nd3 22. Nd4 Nxe1 23. Qxe1 g6 24. e5 Bd5 25. Bc2 Bg7 26. h4 Nc6 27. Ba4 Qc7 28. e6 Nxd4 29. e7 Ne6 30. exd8Q+ Qxd8 31. h5 Qa8 32. Bd7 Nc5 33. Qe8+ Qxe8 34. Bxe8 Nd3 35. Ne2 gxh5 36. Nf4 Nxc1 37. Nxd5 Nd3 38. b4 Kf8 39. Bb5 Nc1 40. Bc4 Ke8 41. Kf1 Kd7 42. Ke1 Be5 43. Kd2 1-0

[Event "FRA-chT2 0910"]
[Site "France"]
[Date "2009.12.13"]
[Round "6.8"]
[White "Lemeille, Francois"]
[Black "Belloc, Sidonie"]
[Result "1/2-1/2"]
[WhiteElo "1955"]
[BlackElo "1809"]
[PlyCount "86"]
[EventDate "2009.09.27"]
[EventType "team-tourn"]
[EventRounds "11"]
[EventCountry "FRA"]
[SourceTitle "EXT 2011"]
[Source "ChessBase"]
[SourceDate "2010.11.26"]
[SourceVersion "1"]
[SourceVersionDate "2010.11.26"]
[SourceQuality "1"]

1. e4 e6 2. d4 d5 3. Nd2 dxe4 4. Nxe4 Nd7 5. Nf3 Ngf6 6. Ng3 Be7 7. Bd3 b6 8. 0-0 Bb7 9. Re1 0-0 10. Bg5 c5 11. c3 Rc8 12. Qe2 Re8 13. Rad1 Qc7 14. Ne5 h6 15. Nxd7 Nxd7 16. Bxe7 Rxe7 17. Nh5 g6 18. Qg4 Nf8 19. Nf4 f5 20. Qg3 g5 21. Re5 cxd4 22. cxd4 Rce8 23. Rde1 Kf7 24. Nh5 Bd5 25. h4 Ng6 26. hxg5 Nxe5 27. dxe5 Rg8 28. f4 Rg6 29. Nf6 Qb7 30. Rd1 Kf8 31. Qh3 Reg7 32. Qh5 Ke7 33. Nxd5+ Qxd5 34. Bf1 Qc5+ 35. Kh2 hxg5 36. Qh8 Rg8 37. Qh7+ R6g7 38. Qh6 Rg6 39. Qh7+ R8g7 40. Qh8 Rg8 41. Qh7+ R6g7 42. Qh6 Rg6 43. Qh7+ R8g7 1/2-1/2

[Event "FRA-chT2 0910"]
[Site "France"]
[Date "2009.10.18"]
[Round "3.6"]
[White "Lemeille, Francois"]
[Black "Buchy, Daniel"]
[Result "0-1"]
[WhiteElo "1954"]
[BlackElo "2137"]
[PlyCount "50"]
[EventDate "2009.09.27"]
[EventType "team-tourn"]
[EventRounds "11"]
[EventCountry "FRA"]
[SourceTitle "EXT 2011"]
[Source "ChessBase"]
[SourceDate "2010.11.26"]
[SourceVersion "1"]
[SourceVersionDate "2010.11.26"]
[SourceQuality "1"]

1. e4 c5 2. Nf3 Nc6 3. Bb5 g6 4. 0-0 Bg7 5. c3 e5 6. d3 Nge7 7. Be3 b6 8. Qd2 a6 9. Ba4 0-0 10. Na3 Bb7 11. Bh6 b5 12. Bb3 d5 13. Bxg7 Kxg7 14. exd5 Nxd5 15. Rfe1 f6 16. Rad1 Qd6 17. d4 exd4 18. Bxd5 Qxd5 19. cxd4 Nxd4 20. Re7+ Rf7 21. Rxf7+ Kxf7 22. Qe1 Re8 23. Qd2 Nxf3+ 24. gxf3 Qxf3 25. Qd7+ Re7 0-1

[Event "FRA-ch U14"]
[Site "Aix les Bains"]
[Date "2009.04.22"]
[Round "5"]
[White "Lemeille, Francois"]
[Black "Moussard, Jules"]
[Result "0-1"]
[WhiteElo "1931"]
[BlackElo "2276"]
[PlyCount "90"]
[EventDate "2009.04.19"]
[EventType "swiss"]
[EventRounds "9"]
[EventCountry "FRA"]
[SourceTitle "CBM 130 Extra"]
[Source "ChessBase"]
[SourceDate "2009.07.02"]
[SourceVersion "2"]
[SourceVersionDate "2009.07.15"]
[SourceQuality "1"]

1. e4 c5 2. Nf3 d6 3. d4 cxd4 4. Nxd4 Nf6 5. Nc3 a6 6. Bg5 e6 7. f4 Nc6 8. Qd2 h6 9. Nxc6 bxc6 10. Bxf6 gxf6 11. 0-0-0 Rb8 12. g4 Qb6 13. Na4 Qb4 14. Qxb4 Rxb4 15. Nc3 h5 16. a3 Rb8 17. Be2 hxg4 18. Bxg4 Ke7 19. Ne2 c5 20. f5 Bh6+ 21. Kb1 Bb7 22. Rhe1 Be3 23. h3 Ba8 24. Ka1 Rb6 25. Rd3 Bg5 26. Rb3 Rxb3 27. cxb3 Bh4 28. Rf1 Bxe4 29. Nc3 Bc2 30. Rf3 Bxb3 31. Re3 e5 32. Rd3 Rb8 33. Nd5+ Kd7 34. Bh5 Bc2 35. Rd2 Bxf5 36. Bxf7 Bg5 37. Rf2 Bxh3 38. Nxf6+ Bxf6 39. Rxf6 Ke7 40. Rf3 Bg4 41. Rg3 Kxf7 42. Rxg4 d5 43. Ra4 e4 44. Kb1 e3 45. Kc2 Rxb2+ 0-1

[Event "FRA-ch U14"]
[Site "Aix les Bains"]
[Date "2009.04.21"]
[Round "4"]
[White "Barbot, Pierre"]
[Black "Lemeille, Francois"]
[Result "1/2-1/2"]
[WhiteElo "2050"]
[BlackElo "1931"]
[PlyCount "45"]
[EventDate "2009.04.19"]
[EventType "swiss"]
[EventRounds "9"]
[EventCountry "FRA"]
[SourceTitle "CBM 130 Extra"]
[Source "ChessBase"]
[SourceDate "2009.07.02"]
[SourceVersion "2"]
[SourceVersionDate "2009.07.15"]
[SourceQuality "1"]

1. e4 c5 2. Nf3 d6 3. d4 cxd4 4. Nxd4 Nf6 5. Nc3 a6 6. Be3 e6 7. g4 b5 8. Bg2 Bb7 9. a3 Nbd7 10. Qe2 Nb6 11. Rd1 Nfd7 12. 0-0 Be7 13. f4 Rc8 14. f5 e5 15. Ne6 fxe6 16. fxe6 Nc5 17. Nd5 Nc4 18. Bxc5 Rxc5 19. Qf3 Rf8 20. Qh3 Bxd5 21. exd5 Qb6 22. Kh1 Rc7 23. Qxh7 1/2-1/2

[Event "FRA-ch U14"]
[Site "Aix les Bains"]
[Date "2009.04.19"]
[Round "1"]
[White "Lemeille, Francois"]
[Black "Noireaut, Hung"]
[Result "1-0"]
[WhiteElo "1931"]
[BlackElo "1720"]
[PlyCount "119"]
[EventDate "2009.04.19"]
[EventType "swiss"]
[EventRounds "9"]
[EventCountry "FRA"]
[SourceTitle "CBM 130 Extra"]
[Source "ChessBase"]
[SourceDate "2009.07.02"]
[SourceVersion "2"]
[SourceVersionDate "2009.07.15"]
[SourceQuality "1"]

1. e4 Nf6 2. e5 Nd5 3. c4 Nb6 4. d4 d6 5. exd6 cxd6 6. Nf3 g6 7. h3 Bg7 8. Be2 Nc6 9. 0-0 Bd7 10. Nc3 0-0 11. Bg5 Re8 12. Rc1 Rc8 13. Ne4 d5 14. Nd6 Qc7 15. Nxe8 Rxe8 16. cxd5 Nxd5 17. Bc4 Be6 18. Re1 Qb6 19. Qb3 Qxb3 20. Bxb3 Nc7 21. Bxe6 Nxe6 22. d5 Nxg5 23. Nxg5 Nb4 24. d6 Nc6 25. Nf3 e6 26. Red1 Rd8 27. b3 Bf8 28. d7 Ba3 29. Rc4 Kf8 30. Ng5 h6 31. Ne4 Ke7 32. Ra4 Bb4 33. a3 Ba5 34. Rc4 Rxd7 35. Rxd7+ Kxd7 36. Nc5+ Kc7 37. b4 Bb6 38. Nd3 Kd6 39. Nc5 Kc7 40. Ne4 Kd7 41. Rc3 Bd4 42. Rc2 b6 43. Kf1 f5 44. Nc3 Bf6 45. Rd2+ Ke7 46. Ne2 e5 47. Rc2 Kd7 48. f3 Kd6 49. g4 e4 50. gxf5 gxf5 51. Ng3 Nd4 52. Rd2 Ke5 53. fxe4 fxe4 54. Ne2 Nxe2 55. Kxe2 Kf4 56. Rd6 Bg5 57. h4 Ke5 58. Rg6 Kf5 59. Rc6 Bc1 60. Rxc1 1-0

[Event "FRA-ch U14"]
[Site "La Roche sur Yon"]
[Date "2008.04.21"]
[Round "3"]
[White "Lemeille, Francois"]
[Black "Ozenne, Corentin"]
[Result "1-0"]
[WhiteElo "2090"]
[BlackElo "1881"]
[PlyCount "83"]
[EventDate "2008.04.21"]
[EventType "swiss"]
[EventRounds "9"]
[EventCountry "FRA"]
[SourceTitle "EXT 2010"]
[Source "ChessBase"]
[SourceDate "2010.11.25"]
[SourceVersion "1"]
[SourceVersionDate "2010.11.25"]
[SourceQuality "1"]

1. e4 c5 2. Nf3 e6 3. d4 cxd4 4. Nxd4 Nf6 5. Nc3 d6 6. g3 Nc6 7. Bg2 Be7 8. 0-0 0-0 9. Be3 a6 10. a4 Qc7 11. h3 Bd7 12. Nb3 Ne5 13. Nd2 Rfc8 14. f4 Nc4 15. Nxc4 Qxc4 16. e5 Ne8 17. Bxb7 d5 18. Bxa8 Bc5 19. Bxc5 Qxc5+ 20. Kh2 Rxa8 21. Qd2 d4 22. Ne2 Bc6 23. Nxd4 Rd8 24. c3 Nc7 25. Qf2 Ba8 26. Rac1 Nd5 27. b4 Qc4 28. Qe2 Qc8 29. b5 axb5 30. axb5 Nxc3 31. Qe3 Qb7 32. Nc6 Nxb5 33. Rf2 Rd7 34. Rfc2 g6 35. g4 Rc7 36. f5 Rxc6 37. Rxc6 Na7 38. R6c2 f6 39. exf6 Qb8+ 40. Rc7 Qb2+ 41. R1c2 Qe5+ 42. Qxe5 1-0

[Event "FRA-chT U20 0506"]
[Site "France"]
[Date "2005.11.13"]
[Round "3.6"]
[White "Lemeille, Francois"]
[Black "Guo, Charlotte"]
[Result "1-0"]
[WhiteElo "1830"]
[BlackElo "1099"]
[PlyCount "85"]
[EventDate "2005.11.12"]
[EventType "team"]
[EventRounds "3"]
[EventCountry "FRA"]
[SourceTitle "CBM 109 Extra"]
[Source "ChessBase"]
[SourceDate "2006.01.03"]
[SourceVersion "2"]
[SourceVersionDate "2006.01.03"]
[SourceQuality "1"]

1. e4 e5 2. Nf3 Nc6 3. Bb5 a6 4. Ba4 Nf6 5. 0-0 Be7 6. Re1 b5 7. Bb3 0-0 8. c3 d6 9. h3 Bb7 10. d4 Re8 11. Nbd2 Bf8 12. Bc2 Na5 13. b4 Nc4 14. Nxc4 bxc4 15. d5 c6 16. Ba4 Rc8 17. Bg5 h6 18. Bxf6 Qxf6 19. dxc6 Bxc6 20. Bxc6 Rxc6 21. Qd5 Rcc8 22. Nd2 Qe6 23. Qxe6 Rxe6 24. a4 Ree8 25. Rab1 Red8 26. Nf3 f6 27. Red1 Rd7 28. Rd5 Be7 29. Nd2 Bd8 30. b5 axb5 31. axb5 Bb6 32. Ra1 Ra7 33. Rxa7 Bxa7 34. Rxd6 Rb8 35. Rd5 Rc8 36. Kf1 Kf7 37. Rd7+ Ke6 38. Rxa7 Rc5 39. Ra6+ Kd7 40. Ra7+ Kd6 41. Rxg7 Rxb5 42. Nxc4+ Kc5 43. Rc7# 1-0

[Event "FRA-chT U20 0506"]
[Site "France"]
[Date "2005.11.12"]
[Round "1.6"]
[White "Lemeille, Francois"]
[Black "Aflalo, Sophie"]
[Result "0-1"]
[WhiteElo "1830"]
[BlackElo "1984"]
[PlyCount "80"]
[EventDate "2005.11.12"]
[EventType "team"]
[EventRounds "3"]
[EventCountry "FRA"]
[SourceTitle "CBM 109 Extra"]
[Source "ChessBase"]
[SourceDate "2006.01.03"]
[SourceVersion "2"]
[SourceVersionDate "2006.01.03"]
[SourceQuality "1"]

1. e4 c5 2. Nf3 Nc6 3. d4 cxd4 4. Nxd4 Nf6 5. Nc3 e5 6. Ndb5 d6 7. Bg5 a6 8. Na3 b5 9. Nd5 Be7 10. Bxf6 Bxf6 11. c3 Bg5 12. Bd3 Ne7 13. Nxe7 Qxe7 14. 0-0 0-0 15. Nc2 Bb7 16. Re1 Rac8 17. a4 Qd7 18. Nb4 Rfd8 19. axb5 axb5 20. Qe2 Qe6 21. Bxb5 Rc5 22. c4 f5 23. f3 f4 24. Ra7 Rb8 25. Na6 Bxa6 26. Rxa6 Bd8 27. b4 Rcc8 28. c5 Kh8 29. Rxd6 Qb3 30. Ba6 Qxb4 31. Red1 Qxc5+ 32. Kf1 Bb6 33. Qd2 Qg1+ 34. Ke2 Qxg2+ 35. Ke1 Qg1+ 36. Bf1 Qg5 37. Qg2 Ba5+ 38. Ke2 Rc2+ 39. R1d2 Rxd2+ 40. Rxd2 Qxg2+ 0-1

[Event "FRA-chT U20a 0405"]
[Site "France"]
[Date "2005.05.15"]
[Round "8.7"]
[White "Paci, Nicolas"]
[Black "Lemeille, Francois"]
[Result "1-0"]
[WhiteElo "1510"]
[BlackElo "1610"]
[PlyCount "88"]
[EventDate "2004.11.19"]
[EventType "team"]
[EventRounds "11"]
[EventCountry "FRA"]
[SourceTitle "EXT 2006"]
[Source "ChessBase"]
[SourceDate "2005.11.24"]
[SourceVersion "1"]
[SourceVersionDate "2005.11.24"]
[SourceQuality "1"]

1. e4 d5 2. exd5 Qxd5 3. Nc3 Qa5 4. d4 Nf6 5. Nf3 Bg4 6. h3 Bf5 7. g4 Be6 8. Bd2 c6 9. Bg2 g6 10. Qe2 Qd8 11. Ng5 Bd5 12. Nxd5 Nxd5 13. c3 Bg7 14. 0-0 0-0 15. f4 h6 16. Ne4 e6 17. g5 Nd7 18. h4 Rb8 19. Nf2 h5 20. Nd3 Qb6 21. Rab1 c5 22. dxc5 Nxc5 23. Kh1 Rfd8 24. Bxd5 Rxd5 25. Nxc5 Qxc5 26. Be3 Qc6 27. Kg1 Rbd8 28. Rbd1 a5 29. Rd2 Rxd2 30. Bxd2 Qd5 31. Rd1 Qxa2 32. Qb5 Bxc3 33. Bxc3 Rxd1+ 34. Kh2 Rd8 35. Qe5 Kf8 36. Qc5+ Ke8 37. Qb5+ Kf8 38. Qc5+ Ke8 39. Qb5+ Rd7 40. Qe5 Re7 41. Qb8+ Kd7 42. Qxb7+ Kd6 43. Be5+ Kc5 44. Qc8+ Kb4 1-0

[Event "FRA-chT U20a 0405"]
[Site "France"]
[Date "2005.05.14"]
[Round "8.10"]
[White "Vernay, Gaspard"]
[Black "Lemeille, Francois"]
[Result "0-1"]
[WhiteElo "1120"]
[BlackElo "1660"]
[PlyCount "66"]
[EventDate "2004.11.19"]
[EventType "team"]
[EventRounds "11"]
[EventCountry "FRA"]
[SourceTitle "EXT 2006"]
[Source "ChessBase"]
[SourceDate "2005.11.24"]
[SourceVersion "1"]
[SourceVersionDate "2005.11.24"]
[SourceQuality "1"]

1. d4 Nf6 2. c4 e6 3. Nc3 Bb4 4. e3 c5 5. a3 Bxc3+ 6. bxc3 0-0 7. dxc5 Qa5 8. Qd4 Nc6 9. Qd3 Qxc5 10. Nf3 d5 11. a4 Rd8 12. Be2 b6 13. Ba3 Qa5 14. 0-0 Ba6 15. Nd2 dxc4 16. Qc2 Ne5 17. f4 Nd3 18. Bf3 Rac8 19. Be7 Nd5 20. Bxd5 Rxd5 21. e4 Rd7 22. Ba3 Rcd8 23. Nf3 Nxf4 24. Bb4 Qh5 25. a5 b5 26. Nd4 e5 27. Nc6 Rd2 28. Rfd1 Rxd1+ 29. Rxd1 Rxd1+ 30. Kf2 Nd3+ 31. Kg3 Qg5+ 32. Kf3 Qf4+ 33. Ke2 Re1# 0-1

[Event "FRA-chT U20 0405"]
[Site "Agneaux"]
[Date "2004.12.20"]
[Round "5.7"]
[White "Lemeille, Francois"]
[Black "Catherine, Pierre Emmanuel"]
[Result "1-0"]
[WhiteElo "1510"]
[BlackElo "1290"]
[PlyCount "67"]
[EventDate "2004.12.16"]
[EventType "team"]
[EventRounds "7"]
[EventCountry "FRA"]
[SourceTitle "EXT 2006"]
[Source "ChessBase"]
[SourceDate "2005.11.24"]
[SourceVersion "1"]
[SourceVersionDate "2005.11.24"]
[SourceQuality "1"]
[WhiteTeam "Bois Colombes"]
[BlackTeam "Rennes Paul Bert"]
[WhiteTeamCountry "FRA"]
[BlackTeamCountry "FRA"]

1. e4 e5 2. Nf3 Nc6 3. Bb5 Nf6 4. 0-0 Bc5 5. Nxe5 Nxe5 6. d4 Bd6 7. dxe5 Bxe5 8. f4 Bd6 9. Kh1 Bc5 10. Nc3 c6 11. Bc4 d6 12. e5 dxe5 13. Qxd8+ Kxd8 14. fxe5 Ng4 15. Bg5+ f6 16. exf6 gxf6 17. Bxf6+ Nxf6 18. Rxf6 Be7 19. Rd1+ Ke8 20. Re1 Kd8 21. Rf7 Bc5 22. Ne4 Bb6 23. Nf6 Bf5 24. Be6 Bxe6 25. Rxe6 h5 26. g3 Bd4 27. Rd6+ Kc8 28. Rxd4 Rd8 29. Rxd8+ Kxd8 30. Rf8+ Ke7 31. Rxa8 Kxf6 32. Rxa7 Ke6 33. Rxb7 Kd6 34. a4 1-0

[Event "France-ch U10"]
[Site "Reims"]
[Date "2004.04.19"]
[Round "2"]
[White "Capponi, Axel"]
[Black "Lemeille, Francois"]
[Result "1-0"]
[WhiteElo "1770"]
[BlackElo "1500"]
[PlyCount "63"]
[EventDate "2004.04.??"]
[EventType "swiss"]
[EventRounds "9"]
[EventCountry "FRA"]
[SourceTitle "EXT 2005"]
[Source "ChessBase"]
[SourceDate "2004.11.15"]
[SourceVersion "1"]
[SourceVersionDate "2004.11.15"]
[SourceQuality "1"]

1. d4 Nf6 2. c4 e6 3. Nc3 Bb4 4. e3 Nc6 5. Bd3 0-0 6. Nge2 b6 7. a3 Be7 8. Qc2 Bb7 9. e4 d6 10. Bd2 e5 11. d5 Nb8 12. 0-0 Nbd7 13. b4 Rc8 14. Ng3 Re8 15. f4 exf4 16. Bxf4 Ne5 17. Nf5 Nfg4 18. h3 Nf6 19. Bxe5 dxe5 20. Qf2 Nd7 21. Qg3 g6 22. Nh6+ Kg7 23. Nxf7 Bh4 24. Nxd8 Bxg3 25. Ne6+ Kg8 26. Rf3 Bh4 27. Raf1 Be7 28. Rf7 c6 29. Rg7+ Kh8 30. Rff7 Bf6 31. Rxh7+ Kg8 32. Rxd7 1-0

[Event "Cap d'Agde Avenir op"]
[Site "Cap d'Agde"]
[Date "2003.10.28"]
[Round "6"]
[White "Lemeille, Francois"]
[Black "Brumant, Jean Claude"]
[Result "0-1"]
[WhiteElo "1410"]
[BlackElo "1580"]
[PlyCount "52"]
[EventDate "2003.10.24"]
[EventType "swiss"]
[EventRounds "9"]
[EventCountry "FRA"]
[SourceTitle "EXT 2005"]
[Source "ChessBase"]
[SourceDate "2004.11.15"]
[SourceVersion "1"]
[SourceVersionDate "2004.11.15"]
[SourceQuality "1"]

1. e4 d6 2. d4 Nf6 3. Nc3 g6 4. Nf3 Bg7 5. Bc4 Bg4 6. Bg5 Nbd7 7. h3 Bxf3 8. Qxf3 e5 9. dxe5 Nxe5 10. Qe2 c6 11. Rd1 Qa5 12. f4 Nxc4 13. Qxc4 d5 14. Qd4 Nh5 15. Qd2 Ng3 16. Rh2 Qc5 17. Qf2 Bxc3+ 18. bxc3 Qxc3+ 19. Qd2 Qxd2+ 20. Rxd2 Nxe4 21. Re2 0-0 22. g4 Nc3 23. Re7 Rfe8 24. a3 Rxe7+ 25. Bxe7 Re8 26. Kd2 Ne4+ 0-1